| 000 | 01052nam a2200301 i 4500 | ||
|---|---|---|---|
| 001 | 000026202 | ||
| 003 | DO-SdBNP | ||
| 005 | 20240510073819.0 | ||
| 007 | ta | ||
| 008 | 110304s1992 dr 000 0 spa d | ||
| 040 |
_aDO-SdBNP _bspa _cBNPHU _erda |
||
| 082 | 4 |
_a248.4 _bP849c, 1992 _222 |
|
| 100 | 1 |
_aPortes, Braulio, _d1935- _eautor _980454 |
|
| 245 | 1 | 3 |
_aLa cristianización nacional : _bun desafío socio-espiritual a las naciones de la tierra / _cBraulio Portes ; prólogo Adalberto Martínez. |
| 250 | _a2ª edición | ||
| 264 |
_aSanto Domingo : _bMCN, _c1992. |
||
| 300 |
_a185 paginas ; _c21 cm. |
||
| 336 |
_2rdacontent _atexto _btxt |
||
| 337 |
_2rdamedia _asin mediación _bn |
||
| 338 |
_2rdacarrier _avolumen _bnc |
||
| 590 | _aInventariado, 2018/BT | ||
| 650 | 4 |
_aEvangelización _9476 |
|
| 650 | 0 |
_aVida cristiana _9668 |
|
| 700 | 1 |
_aMartínez, Adalberto, _eprólogo _953213 |
|
| 710 | 1 |
_aMovimiento de la Cristianización Nacional (República Dominicana) _953214 |
|
| 910 | _aValidado. Control de calidad. EMS | ||
| 942 |
_2ddc _cLBS1 |
||
| 999 |
_c25694 _d25694 |
||